Diario de una mosca / (Registro nro. 58631)

Detalles MARC
000 -CABECERA
Longitud fija campo de control 01176nam a2200349 c 4500
003 - • IDENTIFICADOR DELl NÚMERO DE CONTROL
Identificador del número de control CO-BoRNBP
005 - • FECHA Y HORA DE LA ÚLTIMA TRANSACCIÓN
Fecha y hora de la última transacción 20250827152421.0
007 - • CAMPO FIJO DE DESCRIPCIÓN FÍSICA
Campo fijo de descripción física ta
008 - • CÓDIGOS DE INFORMACIÓN DE LONGITUD FIJA
Códigos de información de longitud fija 210823s2015 ck a jr 000 jdspa d
020 ## - • NÚMERO INTERNACIONAL NORMALIZADO PARA LIBROS
Número Internacional Normalizado para Libros (ISBN) 9789582011581
040 ## - FUENTE DE LA CATALOGACIÓN
Centro catalogador de origen CO-BoRNBP
Lengua de catalogación spa
Normas de descripción rda
Centro transcriptor CO-BoRNBP
041 0# - • CÓDIGO DE LENGUA
Código de lengua del texto/banda sonora o título independiente spa
084 ## - • Clasificación Local Alfanúmerica PNLB
Número de clasificación N
100 ## - • PUNTO DE ACCESO PRINCIPAL-NOMBRE DE PERSONA
Nombre de persona Ayarza, Emilia,
Fechas asociadas al nombre 1919-1966
Término indicativo de función aut
245 10 - • TITULO PROPIAMENTE DICHO
Título Diario de una mosca /
Mención de responsabilidad, etc. Emilia Ayarza ; ilustrado por Federico Neira.
250 ## - • MENCIÓN DE EDICIÓN
Mención de edición Primera edición
264 #1 - PRODUCCIÓN, PUBLICACIÓN , DISTRIBUCIÓN, FABRICACIÓN Y COPYRIGHT
Lugar de producción, publicación, distribución, fabricación Bogotá, Colombia :
Nombre del productor, editor, distribuidor, fabricante Cooperativa Editorial Magisterio,
Fecha de de producción, publicación, distribución, fabricación o copyright 2015
300 ## - • DESCRIPCIÓN FÍSICA
Extensión 93 páginas :
Otras características físicas ilustraciones
336 ## - TIPO DE CONTENIDO
Término de tipo de contenido texto
Código de tipo de contenido txt
Fuente rdacontent
337 ## - TIPO DE MEDIO
Nombre del tipo de medio sin mediación
Código del tipo de medio n
Fuente rdamedia
338 ## - TIPO DE SOPORTE
Nombre del tipo de soporte volumen
Código del tipo de soporte nc
Fuente rdacarrier
490 0# - • MENCIÓN DE SERIE
Mención de serie Oso de anteojos
521 ## - • NOTA DE PÚBLICO DESTINATARIO
Nota público destinatario (R ) Recomendado para un público mayor de 12 años
545 ## - DATOS BIOGRÁFICOS O HISTÓRICOS
Datos bigr´ficos o históricos Incluye datos biográficos del autor al final del texto
650 04 - • PUNTO DE ACCESO ADICIONAL DE MATERIA - TÉRMINO DE MATERIA
Término de materia o nombre geográfico como elemento inicial Cuentos juveniles colombianos
Subdivisión cronológica Siglo XX
Fuente del encabezamiento o término LEMB
650 04 - • PUNTO DE ACCESO ADICIONAL DE MATERIA - TÉRMINO DE MATERIA
Término de materia o nombre geográfico como elemento inicial Literatura juvenil Colombiana
Subdivisión cronológica Siglo XX
Fuente del encabezamiento o término LEMB
650 07 - • PUNTO DE ACCESO ADICIONAL DE MATERIA - TÉRMINO DE MATERIA
Término de materia o nombre geográfico como elemento inicial Moscas
Subdivisión de forma Cuentos
Fuente del encabezamiento o término lemb
655 ## - • TÉRMINO DE INDIZACIÓN - GÉNERO/FORMA
Datos o término principal de género/forma Cuentos
9 (RLIN) 43875
700 ## - • PUNTO DE ACCESO ADICIONAL - NOMBRE DE PERSONA
Nombre de persona Neira, Federico
Término indicativo de función ill
942 ## - ENTRADA DE ELEMENTOS AGREGADOS (KOHA)
Fuente de clasificaión o esquema
Koha [por defecto] tipo de item Libro Literatura
Existencias
Perdido Fuente de clasificación o esquema Estado Físico No para préstamo Forma de adquisición Localización permanente Localización actual Localización en estanterías Fecha adquisición Préstamos totales Signatura completa Código de barras Fecha última consulta Número de copia Fecha del precio de reemplazo Tipo de item de Koha
  Dewey Decimal Classification     Infantil Biblioteca Pública Medellin del Ariari - El Castillo Biblioteca Pública Medellin del Ariari - El Castillo Literatura 08/27/2025   N MDA001298 08/27/2025 Ej.1 08/27/2025 Libro Literatura









Instituto Departamental de Cultura del Meta - Red Departamental de Bibliotecas Públicas del Meta.